| 000 | 00498nam a2200169Ia 4500 | ||
|---|---|---|---|
| 008 | 230917s9999||||xx |||||||||||||| ||und|| | ||
| 020 | _cUSD 195.00 (RS 16032.90) | ||
| 040 |
_e5003851 _aMAIN |
||
| 041 | _aEnglish | ||
| 082 | _a572.86 B291D | ||
| 100 | _aBashirian, Irving | ||
| 245 | 0 | _aDiscovering genomics, proteomics and bioinformatics | |
| 260 |
_aNew Orleans _bWhite Press Academic _c2020 |
||
| 300 | _ax, 283 p. | ||
| 500 | _a4581 14/10/2022 PBA22/234 18/10/2022 Main Budget | ||
| 942 | _cBK | ||
| 999 |
_c5803 _d5803 |
||